000 01624njm0a22003731 4500
001 RU\NLR\ONIZ\224054
005 20250708192852.0
035 _a(NLR Aleph) 011806887
035 _aRU\NLR\ONIZ\GALA\5000033342\20180910162603
071 0 0 _aG.C.-2-22736
090 _a13283681
_c13283681
100 _a20180910f19001999|||y0rusy50 ca
102 _aRU
126 _aaduxdxu ux
_bxxx
127 _a000005
135 _ahonoannnanndn
200 1 _aОтрадно сердцу здесь
_bЗвукозапись
_eиз оперы "Запорожец за Дунаем"
_fП. Артемовский
_gисполн.: Н. Г. Северский, баритон
210 _aRiga
_cGramophone concert record
_d[19--]
215 _a1 грп.(10 мин): 78 об/мин, моно; 25 см, в конв.
606 1 _aАрии из русских и украинских опер
_xЗвукозапись
_yРоссия
_z20 в.
_2nlr_sh
686 _aЩ943.2-071(2Ук)
_vLBC/SL
_2rubbk
700 1 _9z02790
_a[Гулак] Артемовский
_bС. С.
_f1813-1873
_gСемён Степанович
_4230
_7ca
702 1 _9z03790
_aПрокофьев-Северский
_bН. Г.
_f1870-1941
_gНиколай Георгиевич
_4590
790 1 _9z02700
_a[Gulak] Artemovskij
_bS.
_f1813-1873
_gSemen
_4230
_7ba
790 1 _9z03702
_aSeverskij
_bN. G.
_f1870-1941
_gNikolaj Georgievich
_4590
_7ba
801 0 _aRU
_bNLR
_c20180910
_gPSBO
801 1 _aRU
_bNLR
_c20180910
_2rusmarc
801 2 _aRU
_bNLR
_c20180910
852 _aNLR
_bМг
_j2к/1421
_p6737
_t1
942 _cREC
980 _aNB
980 _aONIZ